000 00934nam a2200313 a 4500
001 42969
003 BD-RjUL
005 20211209053625.0
008 160618s1970 nyu b 001 0 eng
020 _a0471596205
035 _a(BD-RjUL)43087
035 _a(OCoLC)00060002
035 _aGLIS00471346
040 _aDLC
_cDLC
_dm.c.
_dRCD
_dBD-RjUL
_beng
041 _aeng
082 _223
_a310
_bMEI 1970
090 _b.M571
099 _aHA29.M571
100 1 _aMerrill, William C.
_q(William Charles),
_d1934-
_9131951
245 1 0 _aIntroduction to economic statistics /
_cby William C. Merrill and Karl A. Fox.
260 _aNew York :
_bJ. Wiley & sons,
_cc1970
300 _axiii, 658 p. :
_c23 cm.
_bill. ;
504 _aIncludes bibliographical references and index
650 0 _aStatistics.
_9131952
700 1 _aFox, Karl A.,
_d1917-2008.
_9131257
942 _2ddc
_cBK
949 _aMYGD
999 _c42969
_d42969